| Tag |
First Indicator |
Second Indicator |
Subfields |
| LEADER |
00000cam a2200000 4500 |
| 001 |
in00000050801 |
| 005 |
20151007073906.0 |
| 008 |
771115s1933 nyu j 00011 engm |
| 010 |
|
|
|a 33011382
|
| 035 |
|
|
|a (OCoLC)03420307
|
| 035 |
|
|
|9 AAF0568AM
|
| 040 |
|
|
|a DLC
|c HDC
|d HDC
|d TXA
|d UtOrBLW
|
| 049 |
|
|
|a TXAS
|c [1102668]
|
| 050 |
0 |
0 |
|a PZ7.G182
|b Ro no.3
|
| 100 |
1 |
|
|a Garis, Howard Roger,
|d 1873-1962.
|
| 245 |
1 |
0 |
|a Rocket riders in stormy seas ;
|b or, Trailing the treasure divers /
|c by Howard R. Garis.
|
| 264 |
|
1 |
|a New York :
|b A. L. Burt,
|c [1933]
|
| 264 |
|
4 |
|c [©1933]
|
| 300 |
|
|
|a 246 pages :
|b illustrations ;
|c 21 cm.
|
| 336 |
|
|
|a text
|b txt
|2 rdacontent
|
| 337 |
|
|
|a unmediated
|b n
|2 rdamedia
|
| 338 |
|
|
|a volume
|b nc
|2 rdacarrier
|
| 490 |
1 |
|
|a Garis, Howard Roger, 1873- Rocket riders series
|
| 800 |
1 |
|
|a Garis, Howard Roger,
|d 1873-1962.
|t Rocket riders series.
|
| 999 |
|
|
|a MARS
|
| 999 |
f |
f |
|s cf9317c1-1a74-36a8-94eb-fd652067de72
|i 2d97e25b-5bca-36d5-97b2-a43a5344014f
|t 0
|
| 952 |
f |
f |
|p noncirc
|a Texas A&M University
|b College Station
|c Cushing Memorial Library & Archives
|d Cushing: Science Fiction (Does not check out)
|t 0
|e PZ7.G182 Ro no.3
|h Library of Congress classification
|i unmediated -- volume
|m A14800455812
|
| 998 |
f |
f |
|a PZ7.G182 Ro no.3
|t 0
|l Cushing: Science Fiction (Does not check out)
|